| 000 | 00679nam a2200181Ia 4500 | ||
|---|---|---|---|
| 003 | OSt | ||
| 005 | 20210812105413.0 | ||
| 008 | 210310s2006 eu fr 000 0 eng d | ||
| 040 |
_aCO-JMCR _cCO-JMCR |
||
| 041 | 0 | _aeng | |
| 082 | 0 | 4 |
_a332.632 / _bI593p _223 |
| 110 | 2 |
_aInstitute of International Finanance _939320 |
|
| 245 | 1 | 0 |
_aPrinciples for stable capital flows and fair debt restructuring in emerging markets : _breport on implementation by the principles consultative group / _cInstitute of International Finanance |
| 260 |
_aWashington : _bInstitute Finanance, Inc., _c2006 |
||
| 300 |
_a19 páginas ; _c26 cm. |
||
| 650 | 1 | 4 |
_aMercados emergentes _916933 |
| 942 |
_2ddc _cBK |
||
| 999 |
_c8319 _d8319 |
||